Bản đồ du lịch đồng bằng sông Cửu Long tỷ lệ 1: 500 000

সংরক্ষণ করুন:
গ্রন্থ-পঞ্জীর বিবরন
বিন্যাস: গ্রন্থ
ভাষা:Undetermined
প্রকাশিত: Hà Nội Tài nguyên Môi trường và Bản đồ Việt Nam 2011
বিষয়গুলি:
ট্যাগগুলো: ট্যাগ যুক্ত করুন
কোনো ট্যাগ নেই, প্রথমজন হিসাবে ট্যাগ করুন!
Thư viện lưu trữ: Trung tâm Học liệu Trường Đại học Cần Thơ
LEADER 00612nam a2200181Ia 4500
001 CTU_185486
008 210402s9999 xx 000 0 und d
020 |c 31900 
082 |a 912.5978 
082 |b B105 
245 0 |a Bản đồ du lịch đồng bằng sông Cửu Long tỷ lệ 1: 500 000 
245 0 |c Tài nguyên Môi trường và Bản đồ Việt Nam 
260 |a Hà Nội 
260 |b Tài nguyên Môi trường và Bản đồ Việt Nam 
260 |c 2011 
650 |a Maps 
904 |i Hải 
980 |a Trung tâm Học liệu Trường Đại học Cần Thơ